|
|
|
|
| LEADER |
00000naa2a2200000 4500 |
| 001 |
606307 |
| 005 |
20231101132409.0 |
| 035 |
|
|
|a (RuTPU)RU\TPU\conf\3686
|
| 035 |
|
|
|a RU\TPU\conf\3684
|
| 090 |
|
|
|a 606307
|
| 100 |
|
|
|a 20140526d2013 k y0rusy50 ca
|
| 101 |
0 |
|
|a rus
|
| 102 |
|
|
|a RU
|
| 105 |
|
|
|a y z 101zy
|
| 135 |
|
|
|a drgn ---uucaa
|
| 181 |
|
0 |
|a i
|
| 182 |
|
0 |
|a b
|
| 200 |
1 |
|
|a Проблема материальной мотивации на российских предприятиях
|f Р. Э. Бикова
|g науч. рук. Н. В. Черепанова
|
| 203 |
|
|
|a Текст
|c электронный
|
| 225 |
1 |
|
|a Современные тенденции развития бухгалтерского, управленческого и финансового учета в России
|
| 230 |
|
|
|a 1 компьютерный файл (pdf; 349 Кб)
|
| 300 |
|
|
|a Заглавие с титульного экрана
|
| 320 |
|
|
|a [Библиогр.: с. 280 (7 назв.)]
|
| 330 |
|
|
|a В настоящее время российская рыночная экономика имеет множество существующих проблем. Низкий уровень трудовой мотивации россиян является одной из важнейших проблем российского общества. Как следствие, система материального стимулирования требует совершенствования, как в вопросах оценки, так и в вопросах повышения эффективности.
|
| 337 |
|
|
|a Adobe Reader
|
| 463 |
|
0 |
|0 (RuTPU)RU\TPU\conf\3320
|t Экономика России в XXI веке
|o сборник научных трудов Х Всероссийской научно-практической конференции "Фундаментальные проблемы модернизации экономики России", г. Томск, 19-23 ноября 2013 г.
|f Национальный исследовательский Томский политехнический университет (ТПУ) ; под ред. Г. А. Барышевой и др.
|v [С. 278-280]
|d 2013
|
| 610 |
1 |
|
|a труды учёных ТПУ
|
| 610 |
1 |
|
|a электронный ресурс
|
| 610 |
1 |
|
|a материальная мотивация
|
| 610 |
1 |
|
|a рыночная экономика
|
| 610 |
1 |
|
|a российские предприятия
|
| 700 |
|
1 |
|a Бикова
|b Р. Э.
|
| 702 |
|
1 |
|a Черепанова
|b Н. В.
|c экономист
|c доцент Томского политехнического университета, кандидат философских наук
|f 1981-
|g Наталья Владимировна
|2 stltpush
|4 727
|
| 712 |
0 |
2 |
|a Национальный исследовательский Томский политехнический университет (ТПУ)
|b Институт социально-гуманитарных технологий (ИСГТ)
|b Кафедра менеджмента (МЕН)
|h 150
|2 stltpush
|3 (RuTPU)RU\TPU\col\18855
|
| 801 |
|
2 |
|a RU
|b 63413507
|c 20140526
|g RCR
|
| 856 |
4 |
|
|u http://www.lib.tpu.ru/fulltext/c/2013/C40/095.pdf
|
| 942 |
|
|
|c BK
|